00915nam a22002297a 4500008004100000020002200041082001400063100002200077245005400099250001700153260003800170300001100208440004000219500005000259505017400309650003200483650001400515650002400529942000700553952010800560999001700668130516t 2010Sp ||||| |||| 00| 0 eng d a978-84-376-2622-2 2170 G949i aGUISAN, Esperanza aIntroducción a la éticac/ Esperanza Guisán a4a. ed. act. aMadrid, EspañabCátedrac2010 a341 p. a(Colección Teorema : Serie Mayor) aIncluye: Bibliografía en cada capítulo.  aContenido: Cuestiones preliminares.- Problemas morales.- Modelos de éticas normativas.- Invitacion a la metaética.- La recuperación de las éticas normativas.-.  a1.ETICA 3.CRIMINALÍSTICA  a2.DERECHO a3.CRIMINALÍSTICA  cLB 00102lcc4070a01b01d2013-05-16l2o170 G949ip01 013395r2024-06-05s2018-02-07t1w2013-05-16yLB c89747d89747